Industrial chemicals technology handbook (Record no. 61022)

000 -LEADER
fixed length control field 00646nam a22001937a 4500
003 - CONTROL NUMBER IDENTIFIER
control field NUST-PNEC
005 - DATE AND TIME OF LATEST TRANSACTION
control field 20170116180712.0
008 - FIXED-LENGTH DATA ELEMENTS--GENERAL INFORMATION
fixed length control field 141015b xxu||||| |||| 00| 0 eng d
020 ## - INTERNATIONAL STANDARD BOOK NUMBER
International Standard Book Number 817833075X
040 ## - CATALOGING SOURCE
Transcribing agency PNEC
082 ## - DEWEY DECIMAL CLASSIFICATION NUMBER
Classification number 660.702 BOR
100 ## - MAIN ENTRY--PERSONAL NAME
9 (RLIN) 591
Personal name Board, Niir
245 ## - TITLE STATEMENT
Title Industrial chemicals technology handbook
Statement of responsibility, etc. Niir Board
260 ## - PUBLICATION, DISTRIBUTION, ETC.
Place of publication, distribution, etc. Delhi :
Name of publisher, distributor, etc. Asia Pacific Business Press,
Date of publication, distribution, etc. 2003
300 ## - PHYSICAL DESCRIPTION
Extent 516 p. :
Other physical details ill. ;
Dimensions 22 cm.
500 ## - GENERAL NOTE
General note http://www.amazon.com/INDUSTRIAL-CHEMICALS-TECHNOLOGY-HAND-BOOK/dp/817833075X/ref=sr_1_1?s=books&ie=UTF8&qid=1413350408&sr=1-1&keywords=817833075X
650 ## - SUBJECT ADDED ENTRY--TOPICAL TERM
General subdivision ME
942 ## - ADDED ENTRY ELEMENTS (KOHA)
Source of classification or shelving scheme
Koha item type Book
Holdings
Withdrawn status Lost status Source of classification or shelving scheme Damaged status Not for loan Permanent Location Current Location Shelving location Date acquired Source of acquisition Cost, normal purchase price Total Checkouts Full call number Barcode Date last seen Cost, replacement price Price effective from Koha item type
          Pakistan Navy Engineering College (PNEC) Pakistan Navy Engineering College (PNEC) Reference 05/16/2007 Royal Book Company 1443.00   660.702 BOR PNECLIB-028275 10/15/2014 1443.00 05/16/2007 Book
© 2023 Central Library, National University of Sciences and Technology. All Rights Reserved.